Bond Girls - Statistics

General Stats
  • This quiz has been taken 197 times
  • The average score is 10 of 24
Answer Stats
Film Answer % Correct
Goldfinger Pussy Galore
86%
Octopussy Octopussy
71%
Dr. No Honey Ryder
63%
Live and Let Die Solitaire
63%
Die Another Die Giacinta "Jinx" Johnson
58%
Casino Royale Vesper Lynd
58%
Moonraker Holly Goodhead
53%
The Man with the Golden Gun Mary Goodnight
50%
Diamonds Are Forever Tiffany Case
45%
From Russia With Love Tatiana Romanova
43%
The World is Not Enough Dr. Christmas Jones
37%
You Only Live Twice Kissy Suzuki
36%
The Spy Who Loved Me Anya Amasova
34%
Thunderball Domino Derval
33%
Skyfall Eve Monepenny
33%
Tomorrow Never Dies Wai Lin
33%
License to Kill Pam Bouvier
32%
A View to a Kill Stacey Sutton
32%
For Your Eyes Only Melina Havelock
31%
The Living Daylights Kara Milovy
29%
GoldenEye Natalya Simonova
24%
Spectre Dr. Madeleine Swann
21%
On Her Majesty's Secret Service Teresa di Vicenzo
21%
Quantum of Solace Camille Montes
13%
No matching quizzes found
Score Distribution
Percent of People with Each Score
Percentile by Number Answered
Your Score History
You have not taken this quiz